The marine observer's handbook (Record no. 1956)

000 -LEADER
fixed length control field 00351nam a2200145Ia 4500
008 - FIXED-LENGTH DATA ELEMENTS--GENERAL INFORMATION
fixed length control field 191121s 1977 ||||xx |||||||||||||| ||und||
020 ## - INTERNATIONAL STANDARD BOOK NUMBER
International Standard Book Number 114002975
082 ## - DEWEY DECIMAL CLASSIFICATION NUMBER
Classification number 627.2
Item number HMS
100 ## - MAIN ENTRY--PERSONAL NAME
Personal name HMSO London
245 #4 - TITLE STATEMENT
Title The marine observer's handbook
250 ## - EDITION STATEMENT
Edition statement 10th ed.
260 ## - PUBLICATION, DISTRIBUTION, ETC. (IMPRINT)
Place of publication, distribution, etc London
Name of publisher, distributor, etc HMSO
Date of publication, distribution, etc 1977
300 ## - PHYSICAL DESCRIPTION
Extent vii, 157p.
942 ## - ADDED ENTRY ELEMENTS (KOHA)
Item type Books
Holdings
Withdrawn status Lost status Damaged status Not for loan Shelving location Date acquired Date last seen Koha item type Source of classification or shelving scheme Collection code Permanent location Current location Full call number Barcode Public note
          2019-11-21 2019-11-21 Books              
        General Stacks 2019-11-21 2025-03-17 Books   Non-fiction IMU-MPC Library IMU-MPC Library 627.2 HMS LBSD394 Column-5
Copyright © 2021 Indian Maritime University, Mumbai Port Campus. All Rights Reserved. Managed & Maintained by Central Library, IMU-Mumbai

webs counters

Powered by Koha